000 00642nam a2200277Ia 4500
005 20260324124312.0
008 008 260324s9999 xx 000 0 eng d
020 _a9781315608648
037 _aEBOOK
040 _aCRL
040 _beng
040 _cCRL
041 _2eng
041 _aeng
084 _qCRL
100 _aPaola Pugliatti
_91173631
245 0 _aShakespeare and the Just War Tradition
260 _bTaylor and Francis
260 _c2010
365 _a
365 _b240
856 _uhttp://www.taylorfrancis.com/books/9781315608648
942 _cEBOOK
999 _c1767899
_d1767899